Zvieratká deťom /
Uložené v:
| Hlavný autor: | |
|---|---|
| Ďalší autori: | |
| Médium: | Kniha |
| Jazyk: | Slovak |
| Vydané: |
Bratislava :
Mladé letá,
1966.
|
| Vydanie: | 4. vyd. |
| Edícia: | Leporelá
|
| ISBN: |
(brož.) |
| Fyzický popis: |
Nestr. :. |
| Tagy: |
Pridať tag
Žiadne tagy, Buďte prvý kto otaguje tento záznam!
|
Titul je dostupný aj v ... 

MARC
| LEADER | 00000nam a22000004a 4500 | ||
|---|---|---|---|
| 001 | 000506607 | ||
| 005 | 20160517192436.0 | ||
| 008 | 160517s1966 xo e 000 0 slo d | ||
| 020 | |a (brož.) |c Kčs 8,00 | ||
| 040 | |a SVKKK |b slo |c SVKKK |e AACR2 | ||
| 041 | 0 | |a slo | |
| 044 | |a xo |c SK | ||
| 100 | 1 | |a Rázusová-Martáková, Mária, |d 1905-1964 |4 aut | |
| 245 | 1 | 0 | |a Zvieratká deťom / |c Mária Rázusová-Martáková ; ilustr. Jaroslav Vodrážka. |
| 250 | |a 4. vyd. | ||
| 260 | |a Bratislava : |b Mladé letá, |c 1966. | ||
| 300 | |a Nestr. :. | ||
| 490 | 1 | |a Leporelá | |
| 700 | 1 | |a Vodrážka, Jaroslav, |d 1894-1984 |4 ill | |
| 810 | 2 | |v Leporelá | |
| 910 | |a svkkk | ||
| 998 | |a BK | ||
| 090 | |g SCKHL |k Sklad Pribinova 1. posch. |a IV.38150 |j 381990 |i 506607-10 |s Absenčne | ||